000 00493nam a2200169Ia 4500
008 181130s2018 xx 000 0 und d
100 _aFreeland, Robert E.
245 _aThe structure of deference:
_bmodeling occupational status using affect control theory
260 _c2018
300 _ap.243-277.
504 _dApr
650 _aClass structure
650 _aOccupational status
700 _aHoey, Jesse
773 _aAmerican Sociological Review
906 _aOccupational status
999 _c506787
_d506787